Inflation Targeting in Practice

Enregistré dans:
Détails bibliographiques
Auteur principal: Debelle, Guy
Format: Livre
Langue:anglais
Publié: Washington International Monetary Fund 1997
Édition:1. ed.
Collection:IMF Working Paper 35
Sujets:
Tags: Ajouter un tag
Pas de tags, Soyez le premier à ajouter un tag!

MARC

LEADER 00000nam a2200000 4500
001 c021149
005 20221129110207.8
041 0 |a eng 
044 |a US 
245 1 0 |a Inflation Targeting in Practice  |c Guy Debelle 
250 |a 1. ed. 
264 1 |a Washington  |b International Monetary Fund  |c 1997 
300 |a 32 s. 
490 1 |a IMF Working Paper  |v 35 
830 0 |a IMF Working Paper  |v 35 
610 2 0 |a inflácia 
610 2 0 |a politika finančná 
610 2 0 |a politika menová 
610 2 0 |a politika peňažná 
610 2 0 |a prognózy 
610 2 0 |a predvídanie 
610 2 0 |a indexy cenové 
610 2 0 |a nezamestnanosť 
610 2 0 |a miera inflácie 
100 1 |a Debelle, Guy